| 000 | 00000nam##2200000za#4500 |
| 001 | 9.574109 |
| 003 | CaOODSP |
| 005 | 20210624184025 |
| 007 | cr ||||||||||| |
| 008 | 150406|2004||||xxc|||||o f|0| 0 eng|d |
| 022 | |a1488-5379 |
| 040 | |aCaOODSP|beng |
| 043 | |an-cn--- |
| 086 | 1 |aFs97-6/2527E-PDF |
| 110 | 1 |aCanada. |bDepartment of Fisheries and Oceans. |
| 245 | 12|aA simple and robust method for the determination of total mercury in fish tissue using continuous flow - cold vapour ICP-MS and an external standards calibration / |h[electronic resource]|cby G. Veinott and J. Miller-Banoub. |
| 260 | |aSt. John's - Newfoundland and Labrador : |bFisheries and Oceans Canada |cc2004. |
| 300 | |a16p.|bfig., graphs, references, tables |
| 490 | 1 |aCanadian technical report of fisheries and aquatic sciences|x1488-5379|vNo. 2527 |
| 500 | |aThe catalogue number (Fs97-6/2527E) and ISSN (0706-6457) for the print edition have been incorrectly copied in this electronic publication. |
| 546 | |a(Résumé en français) |
| 590 | |a12-23-Supp|b2012-05-28 |
| 720 | 1 |aVeinott, G. |
| 720 | 1 |aMiller-Banoub, J. |
| 776 | 0#|tA simple and robust method for the determination of total mercury in fish tissue using continuous flow - cold vapour ICP-MS and an external standards calibration / |w(CaOODSP)9.616838 |
| 830 | #0|aCanadian technical report of fisheries and aquatic sciences,|x1488-5379|vNo. 2527|w(CaOODSP)9.504449 |
| 856 | 40|ahttp://publications.gc.ca|qPDF|s6.78 MB|uhttps://publications.gc.ca/collections/collection_2012/mpo-dfo/Fs97-6-2527-eng.pdf|yNo. 2527 |